000 005700000a22001810004500
003 MACL
005 20160608130753.0
008 160608b xxu||||| |||| 00| 0 eng d
040 _aMACL
_cMACL
041 _aHindi
082 _a920 SHA
100 _aशर्मा, हीरालाल
_963017
245 _aअहिल्‍याबाई
_cहीरालाल शर्मा
260 _bनेशनल बुक ट्रस्‍ट
_c1999
_aनई दिल्‍ली
350 _a25
650 _aBiography
_963018
942 _cHIN
_k920/SHA
_2ddc
999 _c12179
_d12179